| 000 | 00748nam a2200265 i 4500 | ||
|---|---|---|---|
| 001 | bg | ||
| 100 | 1 | _aPIKOŃ, Andrzej | |
| 245 | 1 | 0 |
_aAutoCAD 13 / _cAndrzej Pikoń. |
| 246 | 1 | _aAutoCAD wersja 13 PL | |
| 260 |
_aGliwice : _bHelion, _c1996. |
||
| 300 |
_a889, [4] s. : _brys. ; _c24 cm. |
||
| 500 | _aTyt. okł. " AutoCAD wersja 13 PL". | ||
| 630 | 0 | 9 | _aAutoCAD |
| 650 | 9 |
_aGrafika komputerowa _xstosowanie _xrysunek techniczny |
|
| 650 | 9 |
_aProjektowanie _xautomatyzacja |
|
| 650 | 9 |
_aRysunek techniczny _xautomatyzacja |
|
| 655 | _aPodręczniki | ||
| 020 | _a8385701907 | ||
| 040 | _cBPK | ||
| 041 | 0 | _apl | |
| 080 | _a004.42:004.92:744](07) | ||
| 920 | _a83-85701-90-7 | ||
| 942 | _cKS | ||
| 008 | s pl f |000 0 pol | ||
| 999 |
_c45288 _d45288 |
||
| 856 |
_uhttp://koha.tu.koszalin.pl/cgi-bin/koha/opac-detail.pl?biblionumber=45288 _yKatalog online BPK |
||